| 000 | 01384nam a2200349 a 4500 | ||
|---|---|---|---|
| 999 |
_c162463 _d162463 |
||
| 003 | BLK | ||
| 005 | 20240604005401.0 | ||
| 008 | 180410b bul|||||r ||||||| ||bul|| | ||
| 010 | _aKNG00169841000 | ||
| 040 | _aBLK | ||
| 041 |
_aBUL _cBUL |
||
| 080 |
_aБългарска литература _b821.163.2 _x-32 _z821.163.2-32 |
||
| 080 |
_aБългарска литература _b821.163.2 _x-93-32 _z821.163.2-93-32 |
||
| 100 |
_aЕлин Пелин _qСтоянов, Димитър Иванов _9363511 |
||
| 139 |
_aЕлин Пелин _bЕ 53 |
||
| 245 | 1 | 0 |
_aГераците _bПовест _cЕлин Пелин; предг. от Петър Станев Пондев; * Димитър Иванов Стоянов. |
| 250 | _a5. изд. | ||
| 257 | _aBGR | ||
| 260 |
_aСофия _bБълг. писател _c1966 |
||
| 300 |
_a68 с. _c25 см |
||
| 380 | _aX | ||
| 490 |
_aБиблиотека за ученика _9201322 |
||
| 500 | _a1. изд. 1960. - Елин Пелин - псевд. на Димитър Иванов Стоянов. | ||
| 700 |
_aПондев, Петър Станев _9367591 |
||
| 700 | 1 |
_aСтоянов, Димитър Иванов _e* _9365019 |
|
| 852 |
_aЦб 38071 _bЦб |
||
| 856 | 4 | _qpdf | |
| 856 | 4 | _qpdf | |
| 942 |
_cKNG _n0 _s1 |
||
| 944 |
_aCR _c20.01.2015 _k _lCRON CRON |
||
| 944 |
_aED _c20.01.2015 _kМилена_Ачева |
||